00240nam a22000857a 4500082001300000100001900013245006200032260004000094300002000134 a358.5491 aAhmed, Khaleel aLegend of the tail Choppers (1948-1998) /cKhaleel Ahmed  aIslamabad :bThe Army press,c2006. a355 p. ;c25cm.